KOHA-Header-6

The Democratization of Artificial Intelligence : Net Politics in the Era of Learning Algorithms (Record no. 13929)

000 -LEADER
fixed length control field 00351nam a22001217a 4500
020 ## - INTERNATIONAL STANDARD BOOK NUMBER
ISBN 9783837647198
082 ## - DEWEY DECIMAL CLASSIFICATION NUMBER
Classification number 005
100 ## - MAIN ENTRY--AUTHOR NAME
Personal name Andreas Sudmann (ed.)
245 ## - TITLE STATEMENT
Title The Democratization of Artificial Intelligence : Net Politics in the Era of Learning Algorithms
260 ## - PUBLICATION, DISTRIBUTION, ETC. (IMPRINT)
Place of publication Bielefeld
Name of publisher transcript Verlag
Year of publication 2019
300 ## - PHYSICAL DESCRIPTION
Number of Pages 331 pages
942 ## - ADDED ENTRY ELEMENTS (KOHA)
Koha item type Books
Holdings
Withdrawn status Lost status Collection code Permanent Location Current Location Shelving location Date acquired Full call number Accession Number Koha item type
    Computer Science MAJU MAJU Shelf No.A33 2024-05-30 005 11036 Books

Powered by Koha